00729nac a22002057a 4500001001000000003000900010005001700019008003400036040005400070072001300124110010100137245006700238260003700305300001000342490007500352500003100427650002400458650001500482650002600497BR8108853BR-BrBNA20240105115158.0230509b bl.|||m| |||| 00| 0 por d aBR-BrBNAbporcBiblioteca Nacional de Agricultura aN01; E501 aCooperativa Central dos Produtores de Acucar e Alcool do Estado de Sao Paulo, Sao Paulo (Brasil)1 aInstalacoes eletricas para destilarias [seguranca de trabalho]3 aSao Paulo, SP (Brasil): c[nd].  a20 p. aCadernos Copersucar. Serie Seguranca Agroindustrial (Brazil)vno. 16x a13 illus.; Published 1980? aENGENHARIA ELETRICA aDESTILARIA aPREVENCAO DE ACIDENTE